Lectures on quantum chromodynamics (Record no. 14666)

MARC details
000 -LEADER
fixed length control field 00571nam a2200205Ia 4500
003 - CONTROL NUMBER IDENTIFIER
control field IN-BaIIA
008 - FIXED-LENGTH DATA ELEMENTS--GENERAL INFORMATION
fixed length control field 211028s9999 xx 000 0 eng d
020 ## - INTERNATIONAL STANDARD BOOK NUMBER
International Standard Book Number 978-981-02-4331-9
040 ## - CATALOGING SOURCE
Transcribing agency IIA Library
080 ## - UNIVERSAL DECIMAL CLASSIFICATION NUMBER
Universal Decimal Classification number 530.145(042)
Item number SMI
100 ## - MAIN ENTRY--PERSONAL NAME
Personal name Smilga, A.ndrei
9 (RLIN) 26171
245 #0 - TITLE STATEMENT
Title Lectures on quantum chromodynamics
Statement of responsibility, etc. Andrei Smilga
260 ## - PUBLICATION, DISTRIBUTION, ETC.
Place of publication, distribution, etc. New Jersey
Name of publisher, distributor, etc. World Scientific
Date of publication, distribution, etc. 2001
300 ## - PHYSICAL DESCRIPTION
Extent xxviii, 322p.
650 ## - SUBJECT ADDED ENTRY--TOPICAL TERM
Topical term or geographic name entry element Chromodynamics
9 (RLIN) 26172
650 ## - SUBJECT ADDED ENTRY--TOPICAL TERM
Topical term or geographic name entry element Perturbation theory
9 (RLIN) 4926
650 ## - SUBJECT ADDED ENTRY--TOPICAL TERM
Topical term or geographic name entry element QCD
9 (RLIN) 15580
650 ## - SUBJECT ADDED ENTRY--TOPICAL TERM
Topical term or geographic name entry element Quantum mechanics
942 ## - ADDED ENTRY ELEMENTS (KOHA)
Koha item type Books
Holdings
Withdrawn status Lost status Damaged status Not for loan Home library Current library Shelving location Date acquired Source of acquisition Cost, normal purchase price Total Checkouts Full call number Barcode Date last seen Cost, replacement price Price effective from Koha item type Purchase Price
        IIA Library-Bangalore IIA Library-Bangalore General Stacks 12/06/2002 WOS 1651.20   530.145(042)/ SMI 15588 05/11/2021 1651.20 12/06/2002 Books Rs. 1651.20

Powered by Koha